Quizzes
Events
Quiz Creation
Community
Videos
Private Events
Remove Ads
Sign In
Join for FREE
Feedback
Dark Mode
Quiz Categories
Sports
Geography
Music
Movies
Television
Just For Fun
Miscellaneous
History
Literature
Language
Science
Gaming
Entertainment
Religion
Holiday
For Kids
Quiz Lab
Recent
Popular Today
Quiz Kudos Today
Editor Picks
Curator Picks
Quizzes by...
Day
Popularity
Type
Ratings
Length
Year
Community
Subscriptions
Recent Discussions
Orange Saloon
Badges
Playlists
Quests
Create
Leaderboards
Showdown
Live 5
Trivia Bingo
Activity
Puzzle Library
Sporcle Events
Private Events
Virtual Trivia
Globe League
Become a Host
Pub Owners
SporcleCon
Opinionation
Our Games
Videos
Blog
Mobile Apps
Partnerships
Remove Ads and Go Orange
Feedback
Sports
Athletes
MLB
NBA
NHL
NFL
Soccer
Sports Teams
WWE
NCAA
Football
Premier League
Basketball
Baseball
Hockey
Golf
Tennis
Cricket
Rugby
Auto Racing
Olympics
World Cup
Sports
Athletes
MLB
NBA
NHL
NFL
Soccer
Sports Teams
WWE
NCAA
Football
Premier League
Basketball
Baseball
Hockey
Golf
Tennis
Cricket
Rugby
Auto Racing
Olympics
World Cup
Random Quiz
Search Sporcle
×
Quiz Lab
Quiz Lab
Sports
NBA
Select answers by clicking on text or image buttons
Select answers by clicking on text or image buttons
Clickable
Best Score? Go Orange.
NBA Chain Game III Stats
Can you pick the NBA Chain Game III?
By
Smurffy
15m
70 Questions
9,083 Plays
9,083 Plays
9,083 Plays
Comments
Comments
Give Quiz Kudos
Give Quiz Kudos
-
- Ratings
hide this ad
Forced Order
Answers have to be entered in order
Answers have to be entered in order
Minefield
Wrong answers will end the quiz
Wrong answers will end the quiz
Replay
Link that replays current quiz
Next Quiz
Link to next quiz in quiz playlist
You Got
0%
They Got
Avg Score
17%
Avg Friend Score
Upgrade to see
Score Distribution
Jump to the score distribution portion of the page
Score
0/70
Timer
15:00
0
Plays Today
% Correct
???
100%
???
93.9%
???
83.9%
???
83.2%
???
53.4%
???
49.2%
???
45.1%
???
41%
???
34%
???
32.4%
???
31.1%
???
29.9%
???
29.9%
???
29.2%
???
27.2%
???
27%
???
22.9%
???
21%
???
20.6%
???
20.4%
???
17.9%
???
17.5%
???
15.6%
???
14.3%
???
13.9%
???
13.9%
???
12.5%
???
12.4%
???
12.3%
???
12.1%
???
11.4%
???
10.8%
???
10.6%
???
9.1%
???
8.4%
% Correct
???
8.4%
???
7.8%
???
5.9%
???
5.7%
???
5.7%
???
5.6%
???
5.4%
???
5.3%
???
5.3%
???
5.3%
???
5.3%
???
5.2%
???
5.1%
???
5.1%
???
4.9%
???
4.9%
???
4.5%
???
4%
???
4%
???
3.7%
???
3.7%
???
3.6%
???
3.5%
???
3.1%
???
3%
???
2.8%
???
2.7%
???
2.7%
???
2.7%
???
2.6%
???
2.6%
???
2.6%
???
2.6%
???
2.1%
???
2.1%
Quiz Playlist
Details
Report
Send in Message
Add To Playlist
Clickable:
Select answers by clicking on text or image buttons
Forced Order:
Answers have to be entered in order
Minefield:
Wrong answers will end the quiz
Last Updated: May 8, 2017
Quiz Scoreboard
CHALLENGE
Sign Up to Join the Scoreboard
Show All
Scores
Hide
Comments
May contain spoilers
Recently Published
Popular People in 1961
by mucciniale
History
6m
1-10 Letter E Words III
by El_Dandy
Language
2m
One Thing in Common: World Cities II
by knightlancer
Geography
7m
More to Explore
Quiz From the Vault
Featured Blog Post
Where Did the Easter Bunny Come From?
hide this ad
You Might Also Like...
Tags
Basketball Quiz
NBA Quiz
All-NBA
Chain Game
NBA Draft
NBA Finals
NBA MVP
NBA Team Leaders
NBA Teams
US Sports
Today's Top Quizzes in Sports
Browse Sports
hide this ad
Today's Top Quizzes in NBA
Browse NBA
Top Contributed Quizzes in Sports
1
2022 World Cup Stars
2
Les entraîneurs de l'OM et du PSG au 21e siècle
3
FIFA Club World Cup Champions
4
Criteria MLB: Left Handed Sluggers
5
Les meilleurs buteurs des matchs entre le PSG et l’OM
6
Name the Premier League winners with different clubs
7
Players with Multiple 50 Home Run Seasons
8
MLB Players with Two .350 Batting Average Seasons
9
La finale Lions - Afrique du Sud 2021
10
MLB Hall of Famer by Rings
Explore More
Trending Topics
Crossword
Harry Potter
Disney
Marvel
NBA
Anime
Kpop
Pokémon
Song
WWE
The Office
Country
NFL
Puzzle
Soccer
hide this ad
More By:
Smurffy
Quiz
Plays
Rating
Category
Featured
Created
NBA Chain Game
36,945
3.30
Sports
May 1, 2017
NBA Chain Game III
9,083
5.00
Sports
May 5, 2017
NBA Chain Game II
3,012
3.00
Sports
May 4, 2017
Random NBA Trivia (Hard)
603
2.33
Sports
Jan 5, 2019
Go to Creator's Profile
Score Distribution
Quiz Creator Spotlight
Smurffy
Follow
Send a Message
Quizzes Created
-
Created Quiz Play Count
-
More By This Creator
Popular Quizzes Today
1
Find the US States - No Outlines Minefield
2
The Countries of the World
3
Popular People in 1961
4
Find the Countries of Europe - No Outlines Minefield
5
1-10 Letter E Words III
6
Find the US States
7
One Thing in Common: World Cities II
8
US States
More Sports Quizzes
Luka Modrić's Cup Final XI's
Quiz Lab
Trending Quizzes
Country Music Stars Doing Things
Get the Picture: Carrie or Dolly
1-10 Letter F Words
1-10 Letter G Words
Risky Map Clicking: Next State Alphabetically
Recently Updated
Leaping Animals
pecheneg
Reality TV Shows (A-Z)
bhenderson79
Rickey Henderson's Hall of Fame Teammates
pecheneg
Champions League XIs: Arsenal
pecheneg
Quick Pick: Celebrities in WWE's Hall of Fame
aduchscher
A-Z Keypad Blitz II
pecheneg
Multiple Oscar Actors
pecheneg
Mystery Phrase Blitz: Oscar 'Best Actors'
pecheneg
F. Scott Fitzgerald Novels
LTH
Pick 3 Villains
ddd62291
Trending Topics
Crossword
Harry Potter
Marvel
Disney
Anime
Kpop
NBA
Pokémon
Song
Soccer
NFL
WWE
The Office
Puzzle
Country
Your Account Isn't Verified!
In order to create a playlist on Sporcle, you need to verify the email address you used during registration. Go to your
Sporcle Settings
to finish the process.
Report this User
Report this user for behavior that violates our
Community Guidelines
.
Details:
Send Report
Go to the Sporcle.com Mobile Site →
Comments